000 00583nam a2200169 i 4500
001 60994
003 ES-MaACL
005 20230906164339.0
007 t|
008 031110s1971 sp ||||1| spa d
245 0 0 _aEstudios sobre la España visigoda.
260 _aToledo :
_bDiputación Provincial de Toledo,
_c1971.
300 _aV, 291 p., 11 lám. ;
_c25 cm.
500 _aPrecede al tít.: Instituto Provincial de Investigaciones y Estudios Toledanos.
710 2 _aInstituto Provincial de Investigaciones y Estudios Toledanos.
_95217
852 _aES-MaACL
_jC-41914
_bR.78462
999 _c60994
_d60994